000 00542nam a2200217 a 4500
999 _c4512
_d4512
001 4512
003 BD-JhCC
005 20171128172932.0
008 171128s1965 bg |||| || | 000 0 eng d
035 _a(BD-JhCC)4512
040 _aBD-JhCC
_dBD-JhCC
041 _aeng
082 _a956
_bESS 1965
245 _aEssentials of Islamic History /
_cH. Rahman (Edited)
260 _aDacca :
_bIdeal Publishers,
_c1965
300 _a303 p. :
_c20 cm.
650 _aIslamic History
700 _aRahman, H.
942 _2ddc
_cBK